| 000 | 00888nam a22002897a 4500 | ||
|---|---|---|---|
| 001 | BR9904606 | ||
| 003 | BR-BrBNA | ||
| 005 | 20230928100527.0 | ||
| 007 | ta | ||
| 008 | 230509b bl.||||| |||| 00| 0 por d | ||
| 040 |
_aBR-BrBNA _bpor _cBiblioteca Nacional de Agricultura |
||
| 041 | _a(Por) | ||
| 072 | _aN01 | ||
| 090 | _ N01 BR9904606 | ||
| 100 | 1 | _aOliveira, G.N. de | |
| 110 | 1 |
_aUniversidade Federal de Vicosa, MG (Brasil) _0Tese (Magister Scientiae) |
|
| 245 | 1 | _aTipificacao da propriedade rural usuaria de energia eletrica no Estado de Minas Gerais | |
| 260 | 3 |
_aVicosa, MG (Brasil): _c1995. |
|
| 300 | _a83 p. | ||
| 500 | _aSummaries (Eng, Por); Bibliography p. 70-83; 13 tables | ||
| 650 | _aPropriedade Rural | ||
| 650 | _aEnergia Eletrica | ||
| 650 | _aEletrificacao Rural | ||
| 650 | _aMinas Gerais | ||
| 909 |
_a202309 _bLucia _c55 _dLucia Elande |
||
| 942 | _cBK | ||
| 999 |
_c61682 _d61682 |
||